De las necesidades y derechos a las políticas: investigación antropológica y políticas sociales /
En las condiciones actuales, existen potenciales complementariedades y límites de la participación de las ciencias sociales en equipos mixtos, en el ámbito de las políticas públicas. Los antropólogos abocados a la investigación social y que, al mismo tiempo, desarrollan una práctica ligada a la gest...
Guardado en:
| 主要作者: | |
|---|---|
| 格式: | Texto |
| 主題: | |
| 標簽: |
添加標簽
沒有標簽, 成為第一個標記此記錄!
|
MARC
| LEADER | 00000 a a2200000 04500 | ||
|---|---|---|---|
| 001 | 10575 | ||
| 003 | |||
| 040 | |||
| 100 | |a Bloj, Cristina | ||
| 245 | |a De las necesidades y derechos a las políticas: |b investigación antropológica y políticas sociales / |c Cristina Bloj | ||
| 520 | |a En las condiciones actuales, existen potenciales complementariedades y límites de la participación de las ciencias sociales en equipos mixtos, en el ámbito de las políticas públicas. Los antropólogos abocados a la investigación social y que, al mismo tiempo, desarrollan una práctica ligada a la gestión no pueden eludir las recurrentes fricciones que emergen en los contextos de toma de decisiones donde, simultáneamente, se integra una perspectiva de investigación. Los tiempos, la identificación de problemas y prioridades así como las metodologías de actuación que se visualizan desde uno y otro campo no siempre logran armonizar. La convergencia problemática de estos enfoques tiene impactos negativos sobre la población destinataria y, en la medida en que se profundice y perpetúe, difícilmente se logre un tránsito sensible a la demanda social desde las necesidades y derechos hacia las políticas. REV//jmml | ||
| 650 | |a POLITICA SOCIAL | ||
| 650 | |a POLITICA | ||
| 650 | |a ESTADO | ||
| 650 | |a PARTICIPACION SOCIAL | ||
| 650 | |a AJUSTE ESTRUCTURAL | ||
| 650 | |a DERECHO | ||
| 650 | |a INVESTIGACION | ||
| 773 | |g número 156; páginas 143-155 | ||
| 999 | |c 27058 |d 27058 | ||
